000 00259nam a22001097a 4500
008 170118b xxu||||| |||| 00| 0 eng d
020 _a072150171
041 _aeng
080 _a618.2
245 _aSAUNDERS MANUAL OF NURSING CARE
_cLUCKMANN, J
942 _2udc
_cBK
999 _c3136
_d3136